|
|
|
|
| LEADER |
00000nab#a22000007a#4500 |
| 001 |
arbauad019625 |
| 003 |
AR-BaUAD |
| 005 |
20250711111717.0 |
| 008 |
960520|||||||||###||||||b###|0###a|spa|| |
| 040 |
|
|
|a AR-BaUAD
|c AR-BaUAD
|b spa
|
| 245 |
1 |
0 |
|a Sistema de prefabricación parcial desarrollado por los técnicos de la empresa Oga y aplicado para levantar el conjunto de viviendas
|
| 300 |
0 |
|
|b detalles, fot., graf., cortes
|
| 653 |
|
|
|a ARQUITECTURA
|
| 653 |
|
|
|a DECADA DE 1960
|
| 653 |
|
|
|a SIGLO XX
|
| 653 |
|
|
|a SISTEMAS CONSTRUCTIVOS
|
| 653 |
|
|
|a SISTEMAS PREFABRICADOS
|
| 653 |
|
|
|a CONJUNTOS HAB. DE BAJA DENS.
|
| 653 |
|
|
|a NUÑEZ
|
| 653 |
|
|
|a BUENOS AIRES, CIUDAD
|
| 773 |
0 |
|
|t NUESTRA ARQUITECTURA
|g no. 456 [ene. 1969], p. 45-52
|
| 856 |
4 |
|
|u https://biblioteca.fadu.uba.ar/tiki-download_file.php?fileId=3716
|
| 942 |
|
|
|c ARTI
|
| 952 |
|
|
|0 0
|1 0
|4 0
|7 0
|9 64544
|a AR-BAuAD
|b AR-BAuAD
|d 2025-07-11
|l 0
|p AAQA019625
|r 2025-07-11 11:17:17
|w 2025-07-11
|y ARTI
|
| 990 |
|
|
|a AQ196
|b TD
|
| 998 |
|
|
|a AAQ
|b BIBUN76
|
| 999 |
|
|
|c 44217
|d 44217
|